000 00470nam a2200181Ia 4500
008 240925s9999 xx 000 0 und d
020 _a9788172454236
082 _a658.041 WIL
100 _aWillet, Rodney
245 4 _aThe Right Way to Start Your Own Business
250 _aNA
260 _aNew Delhi:
_bGood Will Publishing
_cNA
300 _a276u.p.
_bN.A
_fOriginal
500 _aIncludes Index
600 _aManagement
650 _aManagement
942 _cBK
999 _c17682
_d17682